Tekken 3 Characters - Statistics

General Stats
  • This quiz has been taken 202 times
  • The average score is 18 of 23
Answer Stats
Hint Answer % Correct
Default characters Jin Kazama
96%
Default characters Paul Phoenix
95%
Sub Bosses Heihachi Mishima
92%
Default characters Nina Williams
91%
Default characters Eddy Gordo
90%
Default characters Forest Law
88%
Final Boss Ancient Ogre
87%
Final Boss True Ogre
87%
Default characters Yoshimitsu
86%
Unlockable characters Anna Williams
85%
Default characters Wulong Lei
85%
Bonus/Guest characters Gon
82%
Unlockable characters Gun Jack
82%
Default characters King II
82%
Unlockable characters Panda
81%
Unlockable characters Kuma II
76%
Default characters Xiaoyu Ling
76%
Default characters Hwoarang
75%
Unlockable characters Bryan Fury
72%
Bonus/Guest characters Dr. Geppetto Bosconovitch
70%
Unlockable characters Julia Chang
67%
Unlockable characters Mokujin
53%
Bonus/Guest characters Tiger Jackson
51%
No matching quizzes found
Score Distribution
Percent of People with Each Score
Percentile by Number Answered
Your Score History
You have not taken this quiz